Municipios costeros de Euskal Herria - Estadísticas

Estadísticas generales
  • Esta prueba ha sido intentada 76 veces
  • La puntuación promedio es 24 de 40
Estadísticas de respuestas
Provincia Municipio % Correcto
Bizkaia Getxo
91%
Gipuzkoa Donostia
89%
Gipuzkoa Zarautz
89%
Gipuzkoa Hondarribia
84%
Gipuzkoa Getaria
80%
Lapurdi Getaria
80%
Bizkaia Lekeitio
78%
Bizkaia Portugalete
78%
Bizkaia Bermeo
76%
Lapurdi Biarritz
76%
Gipuzkoa Zumaia
76%
Lapurdi Hendaia
75%
Gipuzkoa Deba
73%
Bizkaia Ondarroa
73%
Gipuzkoa Pasaia
73%
Gipuzkoa Mutriku
71%
Gipuzkoa Orio
71%
Bizkaia Sopela
69%
Bizkaia Mundaka
64%
Bizkaia Santurtzi
64%
Bizkaia Ea
62%
Lapurdi Donibane Lohizune
60%
Bizkaia Bakio
58%
Bizkaia Plentzia
58%
Gipuzkoa Aia
56%
Bizkaia Elantxobe
51%
Bizkaia Muskiz
51%
Bizkaia Gorliz
49%
Bizkaia Zierbena
45%
Lapurdi Angelu
42%
Bizkaia Barrika
42%
Bizkaia Ispaster
38%
Bizkaia Lemoiz
36%
Bizkaia Ibarrangelu
31%
Bizkaia Mendexa
31%
Bizkaia Berriatua
27%
Lapurdi Bidarte
25%
Lapurdi Ziburu
22%
Lapurdi Urruña
20%
Bizkaia Mungia
16%
No se encontraron pruebas coincidentes
Distribución de puntuación
Porcentaje de gente con cada puntuación
Porcentaje por número respondido
Historial de tus puntuaciones
No has intentado esta prueba.